| 000 | 00606nam a2200193Ia 4500 | ||
|---|---|---|---|
| 001 | 64032 | ||
| 008 | 191113n2012 ii |||gr||||Z||||||465 | ||
| 020 | _a978-81-224-3323-4 | ||
| 082 | _a515 | ||
| 100 |
_aJain, M.K., _eAuthor. |
||
| 245 | 0 |
_aNumerical Methods : _bFor Scientific and Engineering Computation / _cBy M.K. Jain, S.R.K.lyengar & R.K.Jain . _hTextual Documents |
|
| 250 | _a6th ed. | ||
| 260 |
_aNew Delhi _bNew Age International ( P ) Limited _c2012 |
||
| 300 |
_apg722: _c21cm. |
||
| 653 | _aMathematics | ||
| 653 | _aG- Mathematics | ||
| 700 |
_alyengar, S.R.K., _eAuthor. |
||
| 942 |
_2ddc _cBK |
||
| 999 |
_c65132 _d65132 |
||